| 000 | 00958cad a22002175a 4500 | ||
|---|---|---|---|
| 001 | E154318 | ||
| 008 | 111114e20111113xxk 000 0 eng d | ||
| 035 | _a(Sirsi) u154318 | ||
| 041 | 0 | _aeng | |
| 110 | 2 |
_aScotland _bScottish Government _95344 |
|
| 245 | 0 | 0 |
_aCall for "green mortgages" _h[electronic resource] |
| 260 | _c2011 | ||
| 490 |
_aScottish Government News Release _v13 November 2011 |
||
| 520 | _aAlex Neil, the Cabinet Secretary for Infrastructure and Capital Investment, has urged banks to provide accessible mortgage products to those wanting to purchase more energy efficient properties. | ||
| 590 | _aKA | ||
| 651 | 4 |
_aScotland _y1999- |
|
| 690 | _aPROPERTY-RESIDENTIAL PROPERTY-DOMESTIC RESIDENTIAL PROPERTY-HOUSING | ||
| 690 | _aENVIRONMENTAL AND LAND CONSULTANCY-ENERGY-ENERGY USE-ENERGY EFFICIENCY | ||
| 856 | 4 | 0 |
_uhttps://www.scotland.gov.uk/News/Releases/2011/11/11152752 _zView the news release at www.scotland.gov.uk |
| 942 | _n0 | ||
| 999 |
_c83573 _d83573 |
||